00656nam a2200205 i 4500001000300000100001900003245005900022260003400081490003700115650001100152830003400163040000800197041000800205080001300213942000700226008004100233999001700274856009800291952006100389bg1 aRAWSON, Harold 0aProperties and applications of glass /cHarold Rawson. aAmsterdam :bElsevier,c1980.1 aGlass Science and Technoloy ;v3 9aSzkło aGlass Science and Technoloy ; cBPK apol a666.1/.2 cKS s pl f |000 0 pol  c23806d23806 uhttp://koha.tu.koszalin.pl/cgi-bin/koha/opac-detail.pl?biblionumber=23806yKatalog online BPK 00104070aBPKbBPKcwo34035p01961584s2017-04-03yKS